000 01627nam0a2200325 4500
001 RU\NLR\bibl\1503916
005 20260406103744.0
010 _a978-5-699-40603-6
_910000
021 _aRU
_b2010-19413
_9141д/2010
035 _a(nilc)RSL-KNO-004625437
035 _a(NLR Aleph) 001495353
090 _a1783471
_c1783471
100 _a20100323d2010 |||y0rusy50 ca
101 1 _arus
_ceng
102 _aRU
105 _ay |||||||||
200 1 _aТайный вампир
_fЛиза Джейн Смит
_g[пер. с англ. А. Михайловой]
210 _aМосква
_cЭксмо
_aСанкт-Петербург
_cДомино
_d2010
215 _a314, [1] с.
_d20
225 1 _aНочной мир
_fсост.: Александр Жикаренцев
610 0 _aФилологические науки. Художественная литература -- США -- Американская литература -- с 1945 г. -- Произведения художественной литературы -- Художественная проза -- Романы. Повести. Рассказы -- Фантастические и мистические романы, повести, рассказы. Романы ужасов
686 _aШ5(7США)62-644.5
_2rubbk
686 _aШ6(7США)67-445{Лх1979-62}
700 1 _4070
_8rus
_7ca
_aСмит
_bЛ. Д.
_cписатель
_f1965-2025
_gЛиза Джейн
_3RU\NLR\AUTH\7791997
_974924
801 0 _aRU
_bРГБ
_c20100323
_grcr
801 1 _aRU
_bРГБ
_c20100323
801 2 _aRU
_bNLR
_c20100423
_grcr
942 _cBOOK
980 _aNB